Geography Extremes - Statistics

General Stats
  • This quiz has been taken 116 times
    52 since last reset
  • The average score is 7 of 15
Answer Stats
Hint Answer % Correct
Country with longest coastline in the World Canada
85%
Largest city in the Americas Sao Paulo
78%
Smallest country in Africa Seychelles
74%
Most populous island in Asia Java
72%
Highest capital city in Europe Andorra la Vella
61%
Lowest point of the Americas Badwater Basin,Death Valley
48%
Longest river in Australia Murray
48%
Longest Land Border In the World USA and Canada
43%
Most populous city in Polynesia Auckland
37%
Highest peak in the Western Hemisphere Aconcagua
35%
Least populated U.S. State Capital Montpelier
30%
Largest lake in Europe Ladoga
28%
Largest peninsula in the World Arabian Peninsula
9%
Southernmost city in the World Puerto Williams
7%
Largest river island in Europe Žitný ostrov
0%
No matching quizzes found
Score Distribution
Percent of People with Each Score
Percentile by Number Answered
Your Score History
You have not taken this quiz since the last reset